那覇空港に就航している航空会社 - Statistics

General Stats
  • This quiz has been taken 42 times
  • The average score is 12 of 30
Answer Stats
Hint Answer % Correct
日本 全日本空輸
100%
日本 日本航空
100%
日本 ピーチ・アビエーション
95%
日本 ソラシドエア
76%
韓国 大韓航空
76%
日本 スカイマーク
71%
日本 ジェットスター・ジャパン
57%
中国・台湾 中国東方航空
57%
韓国 チェジュ航空
52%
韓国 アシアナ航空
48%
中国・台湾 中国国際航空
48%
中国・台湾 チャイナエアライン
48%
中国・台湾 エバー航空
48%
日本 日本トランスオーシャン航空
43%
中国・台湾 タイガーエア台湾
38%
日本 琉球エアーコミューター
33%
韓国 ティーウェイ航空
33%
中国・台湾 スターラックス航空
33%
中国・台湾 香港航空
33%
中国・台湾 春秋航空
29%
韓国 ジンエアー
24%
中国・台湾 香港エクスプレス
24%
韓国 イースター航空
19%
東南アジア タイ・エアアジア
19%
中国・台湾 吉祥航空
10%
東南アジア タイ・ライオン・エア
10%
東南アジア バティック・エア・マレーシア
10%
東南アジア ジェットスター・アジア
10%
東南アジア タイ・ベトジェットエア
5%
中国・台湾 長竜航空
0%
No matching quizzes found
Score Distribution
Percent of People with Each Score
Percentile by Number Answered
Your Score History
You have not taken this quiz